|
|
|
|
| LEADER |
00000nam0a2200000 4500 |
| 001 |
368091 |
| 005 |
20231102012041.0 |
| 035 |
|
|
|a (RuTPU)RU\TPU\retro\25454
|
| 035 |
|
|
|a RU\TPU\book\264584
|
| 090 |
|
|
|a 368091
|
| 100 |
|
|
|a 20220330d1980 k a0rusy5003 ca
|
| 101 |
0 |
|
|a rus
|
| 102 |
|
|
|a RU
|
| 105 |
|
|
|a a z 001zy
|
| 200 |
1 |
|
|a Высокочастотная сварка пластмасс
|f И. Г. Федорова, Ф. В. Безменов
|g под ред. А. Н. Шамова
|
| 210 |
|
|
|a Ленинград
|c Машиностроение
|d 1980
|
| 215 |
|
|
|a 89 с.
|c ил.
|
| 225 |
1 |
|
|a Библиотечка высокочастотника-термиста
|v Вып. 11
|
| 320 |
|
|
|a Библиогр.: с. 87-88 (19 назв.)
|
| 606 |
1 |
|
|a Пластмассы
|x Сварка
|x Склеивание
|2 stltpush
|3 (RuTPU)RU\TPU\subj\49143
|9 67954
|
| 610 |
1 |
|
|a высокочастотная сварка
|
| 610 |
1 |
|
|a теоретические основы
|
| 610 |
1 |
|
|a электроды
|
| 610 |
1 |
|
|a конструкции
|
| 610 |
1 |
|
|a термопласты
|
| 610 |
1 |
|
|a сварочные установки
|
| 610 |
1 |
|
|a конструктивные особенности
|
| 610 |
1 |
|
|a технологические особенности
|
| 610 |
1 |
|
|a проектирование
|
| 675 |
|
|
|a 678.5.02
|z rus
|
| 700 |
|
1 |
|a Федорова
|b И. Г.
|4 070
|
| 701 |
|
1 |
|a Безменов
|b Ф. В.
|4 070
|
| 702 |
|
1 |
|a Шамов
|b А. Н.
|4 340
|
| 801 |
|
0 |
|a RU
|b RuMRKP
|c 19950417
|g psbo
|
| 801 |
|
1 |
|a RU
|b 63413507
|c 20130923
|
| 801 |
|
2 |
|a RU
|b 63413507
|c 20220330
|g RCR
|
| 942 |
|
|
|c BK
|